Klub elitních milenců /
Detektivní příběh ze současné Prahy, ve kterém se soukromý detektiv při pátrání po zmizelé dívce zároveň zaplete do soukolí konkurenčního boje dvou farmaceutických firem.
Uloženo v:
| Hlavní autor: | |
|---|---|
| Médium: | E-kniha |
| Jazyk: | Czech |
| Vydáno: |
Brno :
MOBA,
c2008
|
| Vydání: | Vyd. 1. |
| Edice: | Původní česká detektivka
Krimi (MOBA) |
| Témata: | |
| Tagy: |
Žádné tagy |
| LEADER | 02259cam a2200409 a 4500 | ||
|---|---|---|---|
| 001 | 297676 | ||
| 003 | CZ PrSKC | ||
| 005 | 20260422063111.0 | ||
| 007 | ta | ||
| 008 | 080915s2008 xr g 000 f cze d | ||
| 015 | |a cnb001818560 | ||
| 020 | |a 9788024332703 |q (váz.) : |c Kč 229,00 | ||
| 035 | |a (OCoLC)276816880 | ||
| 040 | |a KLG001 |b cze |d BOA001 |d OLA001 | ||
| 072 | 7 | |a 821.162.3-3 |x Česká próza |2 Konspekt | |
| 080 | |a 821.162.3-31 |2 MRF | ||
| 080 | |a (0:82-312.4) |2 MRF | ||
| 100 | 1 | |a Eidler, Petr, |d 1958- |7 mzk2006331530 |4 aut | |
| 245 | 1 | 0 | |a Klub elitních milenců / |c Petr Eidler |
| 250 | |a Vyd. 1. | ||
| 260 | |a Brno : |b MOBA, |c c2008 | ||
| 300 | |a 238 s. ; |c 19 cm | ||
| 490 | 1 | |a Původní česká detektivka ; |v sv. 92 | |
| 490 | 1 | |a Krimi | |
| 520 | 2 | |a Detektivní příběh ze současné Prahy, ve kterém se soukromý detektiv při pátrání po zmizelé dívce zároveň zaplete do soukolí konkurenčního boje dvou farmaceutických firem. | |
| 520 | 2 | |a Soukromý detektiv se ujímá případu ředitele českého zastoupení velké farmaceutické firmy, který má pocit, že je sledován a ohrožován konkurencí v boji o velkou státní zakázku. Vzápětí je požádán bývalým spolužákem, nyní úspěšným lékařem, aby se pokusil vypátrat zmizelou dívku z jistého privátního elitního klubu. Zmizela totiž v době, kdy v Praze řádí neznámý sadistický vrah a existuje podezření, že by se i ona mohla stát jeho obětí. Detektiv při svém pátrání brzy zjišťuje, že oba případy k sobě mají blíž, než se na první pohled zdálo. | |
| 655 | 7 | |a české romány |7 fd133974 |2 czenas | |
| 655 | 7 | |a detektivní romány |7 fd132010 |2 czenas | |
| 655 | 9 | |a Czech fiction |2 eczenas | |
| 655 | 9 | |a detective novels |2 eczenas | |
| 830 | 0 | |a Původní česká detektivka | |
| 830 | 0 | |a Krimi (MOBA) | |
| 900 | |a ABA001 |b 17 | ||
| 044 | |a xr | ||
| 910 | |a RBIT002 | ||
| 998 | |d 1065 |a https://core.palmknihy.cz/api/books/1065/cover?fi3wqr |b https://core.palmknihy.cz/api/books/1065/cover/400?ek8s1p |c https://core.palmknihy.cz/api/books/1065/cover/50?wdquso |e 2032-04-07 |g 240 |i 9788024332703 |j https://core.palmknihy.cz/api/books/1065/preview.epub |l |q 49 |r 1 |s https://www.palmknihy.cz/kniha/1065 |t ebook |y 2008 |z 0 | ||
| 999 | |d 297674 | ||